000 00518nam a2200193 4500
005 20241018105025.0
008 241018b |||||||| |||| 00| 0 eng d
020 _aX
_c[n.p.]
040 _aMAIN
082 _a381
_bM471P
100 _aMeenu
245 _aPreferential behavior on life insurance plan in rural and urban area of Rohtak district
260 _bDept. of Commerce, M D University, Rohtak
_c2019
300 _aix, 107
650 _aCommerce
700 _aRajpal Singh
942 _cTH
999 _c357664
_d357664